ბათუმის შოთა რუსთაველის სახელმწიფო უნივერსიტეტის ბიბლიოთეკა

საზოგადოება და პოლიტიკა : (ბიბ.ჩანაწერი № 34690)

000 -ლიდერი
ფიქსირებული სიგრძის საკონტროლო ველი 00974nam a2200229Ia 4500
001 - საკონტროლო ნომერი
საკონტროლო ველი 475
003 - საკონტროლო ნომრის იდენტიფიკატორი
საკონტროლო ველი GE_BSU
005 - ბოლო ოპერაციის თარიღი და დრო
საკონტროლო ველი 20200130163630.0
008 - ფიქსირებული სიგრძის მონაცემთა ელემენტები - ზოგადი ინფორმაცია
ფიქსირებული სიგრძის საკონტროლო ველი 181216s2002||||ge |||||||||||||| ||geo||
020 ## - წიგნის საერთაშორისო სტანდარტული ნომერი
International Standard Book Number 999283773X
040 ## - კატალოგიზაციის წყარო
Transcribing agency GE_BSU
080 ## - უნივერსალური ათობითი კლასიფიკაციის ინდექსი
Universal Decimal Classification number 316.3+32 ს-17
245 ## - ცნობა სათაურის შესახებ
Title საზოგადოება და პოლიტიკა :
Remainder of title [ალმანახი]. კრ. 4 /
Statement of responsibility, etc რედ. გია ნოდია.
264 ## - წარმოების, გამოცემის, დისტრიბუციის და სხვა ცნობები
გამოცემის, წარმოების, დისტრიბუციის... ადგილი თბილისი,
გამოცემის, წარმოების, დისტრიბუციის... თარიღი 2002.
300 ## - ფიზიკური აღწერა
Extent 286 გვ.;
Other physical details 19 სმ.
500 ## - ზოგადი შენიშვნა
General note პარალ. თავფ. ინგლ. ენ.
653 ## - INDEX TERM--UNCONTROLLED
Uncontrolled term ინტელიგენცია
653 ## - INDEX TERM--UNCONTROLLED
Uncontrolled term რელიგია და სახელმწიფო
700 ## - ADDED ENTRY--PERSONAL NAME
Personal name ნოდია, გია
Relator term რედაქტორი
9 (RLIN) 6545
710 ## - ADDED ENTRY--CORPORATE NAME
Corporate name or jurisdiction name as entry element მშვიდობის, დემოკრატიისა და განვითარების კავკას. ინ-ტი
9 (RLIN) 6546
942 ## - ADDED ENTRY ELEMENTS (KOHA)
Koha item type წიგნი
Source of classification or shelving scheme
ეგზემპლარები
ჩამოწერის სტატუსი დაკარგული ეგზემპლარის სტატუსი კლასიფიკაციის წყარო ან თაროზე გაწყობის სქემა დაზიანების სტატუსი არ გაიცემა მუდმივი მდებარეობა (დაცვის ადგილი) ამჟამინდელი ადგილსამყოფელი თაროზე განთავსების ადგილი შეძენის თარიღი ღირებულება, შესყიდვის ნორმალური ფასი სრული შენახვის შიფრი შტრიხკოდი ბოლო ოპერაციის თარიღი ეგზემპლარის მიმდევრობითი ნომერი (კეტერი?) ფასის ძალაში შესვლის თარიღი ეგზემპლარის სახეობა საჯარო შენიშვნა
          ბათუმის შოთა რუსთაველის სახელმწიფო უნივერსიტეტის მთავარი ბიბლიოთეკა ბათუმის შოთა რუსთაველის სახელმწიფო უნივერსიტეტის მთავარი ბიბლიოთეკა წიგნსაცავი 2018-12-17 20.00 316.3+32 ს-17 483 2018-12-17 483 2018-12-17 წიგნი 20 ლ.
          ბათუმის შოთა რუსთაველის სახელმწიფო უნივერსიტეტის მთავარი ბიბლიოთეკა ბათუმის შოთა რუსთაველის სახელმწიფო უნივერსიტეტის მთავარი ბიბლიოთეკა წიგნსაცავი 2018-12-17 20.00 316.3+32 ს-17 484 2018-12-17 484 2018-12-17 წიგნი 20 ლ.